Library Logo

Pioneer International University Library Catalogue

DUNIA YAO (Record no. 9543)

MARC details
000 -LEADER
fixed length control field 00333nam a22001337a 4500
005 - DATE AND TIME OF LATEST TRANSACTION
control field 20250901165818.0
008 - FIXED-LENGTH DATA ELEMENTS--GENERAL INFORMATION
fixed length control field 250407b |||||||| |||| 00| 0 eng d
020 ## - INTERNATIONAL STANDARD BOOK NUMBER
International Standard Book Number 9780195733198
050 ## - LIBRARY OF CONGRESS CALL NUMBER
Classification number PL 8704.M64 2010
245 ## - TITLE STATEMENT
Title DUNIA YAO
Statement of responsibility, etc. MOHAMED SAID
260 ## - PUBLICATION, DISTRIBUTION, ETC.
Place of publication, distribution, etc. NAIROBI
Name of publisher, distributor, etc. OXFORD UNIVERSITY PRESS
Date of publication, distribution, etc. 2010
300 ## - PHYSICAL DESCRIPTION
Extent 244
942 ## - ADDED ENTRY ELEMENTS (KOHA)
Source of classification or shelving scheme Library of Congress Classification
Holdings
Withdrawn status Lost status Source of classification or shelving scheme Damaged status Not for loan Collection Home library Current library Shelving location Date acquired Source of acquisition Total checkouts Full call number Barcode Date last seen Price effective from Koha item type
    Library of Congress Classification       Main Library Main Library   04/07/2025 DONATION FROM KICD   PL 8704.M64 2010 PIUD0000553 04/07/2025 04/07/2025 Books
    Library of Congress Classification       Main Library Main Library   04/07/2025 DONATION FROM KICD   PL 8704.M64 2010 PIUD0000554 04/07/2025 04/07/2025 Books